Batu Belah Batu Bertangkup

Bibliographic Details
Main Author: A. Samad Ahmad
Format: Book
Published: Kuala Lumpur : Dewan Bahasa Dan Pustaka , 1992
Subjects:

MARC

LEADER 00000cam a2200000 7i4500
001 0000009549
002 000010405
005 20000330.0
020 |a 9836211977 
090 0 0 |a JF   |b ASA 
100 0 |a A. Samad Ahmad 
245 1 0 |a Batu Belah Batu Bertangkup   |c A Samad Ahmad 
260 |a Kuala Lumpur :   |b Dewan Bahasa Dan Pustaka ,   |c 1992 
300 |a 127p. ;   |c 21cm. 
650 0 0 |a Children's stories, Malay 
999 |a 039704   |b BUKU   |c PINJAMAN   |e PERPUSTAKAAN KOMUNITI PETALING JAYA